Central Library OPAC University of Rajshahi

Foreign interest in the independence of New Spain : (Record no. 63882)

MARC details
000 -LEADER
fixed length control field 00838nam a2200241 a 4500
001 - CONTROL NUMBER
control field 63882
003 - CONTROL NUMBER IDENTIFIER
rucl marc code BD-RjUL
005 - DATE AND TIME OF LATEST TRANSACTION
control field 20211209081241.0
008 - FIXED-LENGTH DATA ELEMENTS--GENERAL INFORMATION
fixed length control field 170205r19721935xxua 001 0 eng d
035 ## - SYSTEM CONTROL NUMBER
System control number (BD-RjUL)64012
040 ## - CATALOGING SOURCE
Original cataloging agency BD-RjUL
Language of cataloging eng
Transcribing agency BD-RjUL
Modifying agency BD-RjUL
041 ## - LANGUAGE CODE
Language code of text/sound track or separate title eng
082 ## - DEWEY DECIMAL CLASSIFICATION NUMBER
Edition number 23
Classification number 972.02
Author mark and year RYF 1972
100 1# - MAIN ENTRY--PERSONAL NAME
Personal name Rydjord, John.
9 (RLIN) 189679
245 10 - TITLE STATEMENT
Title Foreign interest in the independence of New Spain :
Remainder of title an introduction to the war for independence /
Statement of responsibility, etc. by John Rydjord
260 ## - PUBLICATION, DISTRIBUTION, ETC. (IMPRINT)
Place of publication, distribution, etc. Durham, N.C. :
Name of publisher, distributor, etc. Duke University Press,
Date of publication, distribution, etc. 1935 [Reissued 1972]
300 ## - PHYSICAL DESCRIPTION
Pagination xii, 347 p. :
Illustrations ill. ;
Size 24 cm
490 0# - SERIES STATEMENT
Series statement Duke University publications.
504 ## - BIBLIOGRAPHY, ETC. NOTE
Bibliography, etc Includes bibliography and index
651 #0 - SUBJECT ADDED ENTRY--GEOGRAPHIC NAME
Geographic name Mexico
General subdivision Foreign relations
9 (RLIN) 189680
Geographic name Mexico
General subdivision History
Chronological subdivision Spanish colony, 1540-1810
9 (RLIN) 189681
942 ## - ADDED ENTRY ELEMENTS (KOHA)
Source of classification or shelving scheme Dewey Decimal Classification
Koha item type Books
Holdings
Lost status Source of classification or shelving scheme Damaged status Not for loan Collection code Permanent Location Current Location Shelving location Date acquired Total Checkouts Full call number Date last seen Copy number Koha item type
  Dewey Decimal Classification   Not For Loan Non-fiction Central Library, University of Rajshahi Central Library, University of Rajshahi Reading Room 21/09/1985   972.02 RYF 1972 05/02/2017 C-1 Books